Word Ladder: So Fur, So Good Quiz Stats

 Plays Quiz Updated Jun 17, 2019

Score 0/24 Timer 02:30
3 Plays Today
Clue 3-Letter Word % Correct
Cruise or Hanks, e.g.☆ TOM ☆
98.8%
Short sleep☆ NAP ☆
97.6%
Uppermost point☆ TOP ☆
97.5%
Rock band ___ JoviBON
96.8%
Poodle or Labrador, e.g.☆ DOG ☆
94.7%
Bite or pinch☆ NIP ☆
94.1%
Charged atom☆ ION ☆
92.6%
Small mouthful of liquidSIP
92.2%
James Bond author FlemingIAN
91.3%
'The Da Vinci Code' author BrownDAN
89.5%
Put on clothingDON
89%
Tea or coffee holderMUG
88.4%
Clue 3-Letter Word % Correct
Removed soilDUG
87.3%
400 metres in athletics☆ LAP ☆
85.7%
Cut off a branch from a treeLOP
85.3%
Vehicle featured in 'Speed'BUS
79.8%
Cry loudlySOB
73%
Informal greeting☆ SUP ☆
72.6%
Except; apart fromBUT
72.5%
Genus of mice☆ MUS ☆
72.5%
Bounce up and down☆ BOB ☆
71.5%
Prefix denoting lowerSUB
65.8%
Flying foxBAT
64.6%
☆ COMMON BOND ☆☆ CAT ☆
40.2%

Today's Daily Dose

You're not logged in!

Compare scores with friends on all Sporcle quizzes.
OR
Log In

Sporcle TV

Today on Sporcle TV


Watch our educational content, quiz creation guides, and fun videos on Sporcle TV.

Show Comments

Extras

Top Quizzes Today


Score Distribution

Your Account Isn't Verified!

In order to create a playlist on Sporcle, you need to verify the email address you used during registration. Go to your Sporcle Settings to finish the process.

Report this User

Report this user for behavior that violates our Community Guidelines.

Details: